MDQL
is popping MORE tags! Check the
thread
!
Quizzes
Events
Quiz Creation
Community
Videos
Private Events
Remove Ads
Sign In
Join for FREE
Feedback
Dark Mode
Quiz Categories
Sports
Geography
Music
Movies
Television
Just For Fun
Miscellaneous
History
Literature
Language
Science
Gaming
Entertainment
Religion
Holiday
For Kids
Quiz Lab
Recent
Popular Today
Quiz Kudos Today
Editor Picks
Curator Picks
Quizzes by...
Day
Popularity
Type
Ratings
Length
Year
Community
Subscriptions
Recent Discussions
Orange Saloon
Badges
Playlists
Quests
Create
Leaderboards
Showdown
Live 5
Trivia Bingo
Activity
Puzzle Library
Sporcle Events
Private Events
Virtual Trivia
Globe League
Become a Host
Pub Owners
SporcleCon
Opinionation
Our Games
Videos
Blog
Mobile Apps
Partnerships
Remove Ads and Go Orange
Feedback
Movies
Disney
Marvel Cinematic Universe
Movie Resume
Movie Titles
Oscar
Actor
Actress
Director
Pixar
Role
Movie Quotes
Movie Characters
Box Office
Nominee
Best Picture
Star Wars
James Bond
Horror Movies
Movies
Disney
Marvel Cinematic Universe
Movie Resume
Movie Titles
Oscar
Actor
Actress
Director
Pixar
Role
Movie Quotes
Movie Characters
Box Office
Nominee
Best Picture
Star Wars
James Bond
Horror Movies
Random Quiz
Search Sporcle
×
Quiz Lab
Quiz Lab
Movies
Actress
Type in answers that appear in a list
Type in answers that appear in a list
Classic
Best Score? Go Orange.
Meryl Streep 2000s Movies Stats
Can you name the Meryl Streep 2000s Movies?
By
Ksus
6m
19 Questions
86 Plays
86 Plays
86 Plays
Comments
Comments
Give Quiz Kudos
Give Quiz Kudos
-
- Ratings
hide this ad
More Info
Replay
Link that replays current quiz
Next Quiz
Link to next quiz in quiz playlist
You Got
0%
They Got
Avg Score
72%
Avg Friend Score
Upgrade to see
Score Distribution
Jump to the score distribution portion of the page
Score
0/19
Timer
06:00
0
Plays Today
Year
Movie
% Correct
2006
The Devil Wears Prada
93%
2008
Mamma Mia
87.2%
2002
Adaptation
86%
2008
Doubt
83.7%
2002
The Hours
81.4%
2009
Julie & Julia
79.1%
2009
It's Complicated
76.7%
2007
Lions for Lambs
75.6%
2004
The Manchurian Candidate
74.4%
2007
Rendition
69.8%
Year
Movie
% Correct
2005
Prime
67.4%
2004
Lemony Snicket's A Series of Unfortunate Events
66.3%
2006
A Prairie Home Companion
66.3%
2007
Evening
64%
2009
Fantastic Mr. Fox
64%
2001
A.I. Artificial Intelligence
61.6%
2007
Dark Matter
61.6%
2006
The Ant Bully
59.3%
2003
Stuck on You
52.3%
Quiz Playlist
Details
Report
Send in Message
Add To Playlist
More Info:
Not including short, television and narration movies.
Classic:
Type in answers that appear in a list
Last Updated: Mar 31, 2021
Quiz Scoreboard
CHALLENGE
Sign Up to Join the Scoreboard
Show All
Scores
Hide
Comments
May contain spoilers
Recently Published
Image Sorting: Flags VI
by Barbecue
Geography
2m
Find the 'City' Movie
by crazypaving
Movies
60s
Colored Red Africa Blitz
by spor1
Geography
45s
More to Explore
Quiz From the Vault
Featured Blog Post
14 Easter Pick-up Lines to Find Eggs With
hide this ad
You Might Also Like...
Tags
Actress Quiz
Decade Quiz
2000
Actress Comedy
Best Drama
Drama
Meryl Streep
Movie Stars
Winning Actresses
Today's Top Quizzes in Movies
Browse Movies
hide this ad
Today's Top Quizzes in Actress
Browse Actress
Top Contributed Quizzes in Movies
1
Find The 'Big' Movie
2
Find The 'Wild' Movie
3
Find The 'Blue' Movie
4
Movies By Plot
5
Hidden Star Wars Character II
6
Pick 5 Posters: Directed by Spielberg
7
The ultimate James Bond movie quiz
8
Hidden Star Wars Character III
9
Hidden Star Wars Character IV
10
25 Best Actor Nominees (1990s)
Explore More
Trending Topics
Anime
NBA
Harry Potter
Marvel
Disney
Crossword
Kpop
Puzzle
NFL
The Office
WWE
Pokémon
Soccer
Song
Country
hide this ad
More By:
Ksus
Quiz
Plays
Rating
Category
Featured
Created
US Presidents with Queen Elizabeth II
26,237
4.68
History
Feb 19, 2018
New York City by Every Category
21,941
4.34
Miscellaneous
Mar 9, 2018
Most Popular Toy By Year (1990s)
19,269
4.58
Gaming
Jun 28, 2020
Elizabeth II with Her Prime Ministers
16,227
4.80
History
Feb 19, 2018
Most Popular Toy By Year (1980s)
12,759
4.61
Gaming
Jun 29, 2020
Go to Creator's Profile
Score Distribution
Quiz Creator Spotlight
Ksus
Follow
Send a Message
Quizzes Created
-
Created Quiz Play Count
-
More By This Creator
Popular Quizzes Today
1
Colored Red Africa Blitz
2
Find the US States - No Outlines Minefield
3
Find the 'City' Movie
4
5x2 Blitz: Bands
5
The Countries of the World
6
Find the US States
7
Find the Countries of Europe - No Outlines Minefield
8
US States
More Movies Quizzes
The Quotable Al Pacino
Curator's Pick
Trending Quizzes
Colored Red Europe Blitz I
Colored Red Europe Blitz II
Colored Red Africa Blitz II
Colored Red Europe Blitz III
Colored Red Africa Blitz III
Recently Updated
How Do You Spell That?
pecheneg
Godzilla Movies
pecheneg
Grab Bag: 4-10 Letters
pecheneg
2024 March Madness Bracket
pecheneg
Famous TV Couples
Peacemaker
Champions League XIs: Real Madrid
pecheneg
Largest US Cities 1790-2010
pecheneg
Rides in Walt Disney World
pecheneg
Most Oscar Losses (Acting)
pecheneg
Beyoncé Albums
pecheneg
Trending Topics
Harry Potter
Disney
Crossword
Marvel
NBA
Anime
Kpop
Pokémon
NFL
Country
Puzzle
Song
WWE
The Office
Soccer
Your Account Isn't Verified!
In order to create a playlist on Sporcle, you need to verify the email address you used during registration. Go to your
Sporcle Settings
to finish the process.
Report this User
Report this user for behavior that violates our
Community Guidelines
.
Details:
Send Report
Go to the Sporcle.com Mobile Site →
Comments